MARC details
| 000 -CABECERA |
| campo de control de longitud fija |
05040nam a2200373 a 4500 |
| 003 - IDENTIFICADOR DEL NÚMERO DE CONTROL |
| campo de control |
CHAP |
| 005 - FECHA Y HORA DE LA ÚLTIMA TRANSACCIÓN |
| campo de control |
20251001124038.0 |
| 007 - CAMPO FIJO DE DESCRIPCIÓN FÍSICA--INFORMACIÓN GENERAL |
| campo de control de longitud fija |
ta |
| 008 - DATOS DE LONGITUD FIJA--INFORMACIÓN GENERAL |
| campo de control de longitud fija |
251001s2012 -usado|fr|||| 001 0 eng d |
| 020 ## - NÚMERO INTERNACIONAL ESTÁNDAR DEL LIBRO |
| Número Internacional Estándar del Libro |
978-0-12-396959-0 |
| 040 ## - FUENTE DE LA CATALOGACIÓN |
| Centro catalogador/agencia de origen |
mxchpua |
| Centro/agencia transcriptor |
CHAP |
| Normas de descripción |
rda |
| 041 ## - CÓDIGO DE LENGUA |
| Código de lengua del texto/banda sonora o título independiente |
eng |
| Código de lengua del sumario o resumen |
eng |
| Código de lengua de la tabla de contenido |
eng |
| Código de lengua original |
eng |
| 050 10 - SIGNATURA TOPOGRÁFICA DE LA BIBLIOTECA DEL CONGRESO |
| Número de clasificación |
TP157 |
| Número de documento/Ítem |
.C44 2012 |
| 082 00 - NÚMERO DE LA CLASIFICACIÓN DECIMAL DEWEY |
| Número de edición |
20 |
| Número de clasificación |
660.28 |
| Número de documento/Ítem |
C44 2012 |
| 245 10 - MENCIÓN DE TÍTULO |
| Título |
Chemical process equipment : |
| Resto del título |
selection and design / |
| Mención de responsabilidad, etc. |
James R. Couper, W. Roy Penney, James R. Fair y Stanley M. Walas |
| 250 ## - MENCIÓN DE EDICIÓN |
| Mención de edición |
3a edición |
| 264 ## - PRODUCCIÓN, PUBLICACIÓN, DISTRIBUCIÓN, FABRICACIÓN Y COPYRIGHT |
| Producción, publicación, distribución, fabricación y copyright |
Waltham, Ma., USA : |
| Nombre del de productor, editor, distribuidor, fabricante |
Elsevier. Butterworth-Heinemann, |
| Fecha de producción, publicación, distribución, fabricación o copyright |
2012 |
| 300 ## - DESCRIPCIÓN FÍSICA |
| Extensión |
xx, 838 páginas : |
| Otras características físicas |
ilustraciones, gráficas, diagramas, tablas, fotos |
| 336 ## - TIPO DE CONTENIDO |
| Fuente |
rdacontent |
| Término de tipo de contenido |
texto |
| Código de tipo de contenido |
txt |
| 337 ## - TIPO DE MEDIO |
| Fuente |
rdamedia |
| Nombre/término del tipo de medio |
sin medio |
| Código del tipo de medio |
n |
| 338 ## - TIPO DE SOPORTE |
| Fuente |
rdacarrier |
| Nombre/término del tipo de soporte |
volumen |
| Código del tipo de soporte |
nc |
| 504 ## - NOTA DE BIBLIOGRAFÍA, ETC. |
| Nota de bibliografía, etc. |
Incluye bibliografías |
| 505 0# - NOTA DE CONTENIDO CON FORMATO |
| Nota de contenido con formato |
1. Introduction --<br/>2. Flowsheets --<br/>3. Process control --<br/>4. Drivers for moving equipment --<br/>5. Transfer of solids --<br/>6. Flow of fluids --<br/>7. Fluid transport equipment --<br/>8. Heat transfer and heat exchangers --<br/>9. Dryers and cooling towers --<br/>10. Mixing and agitation --<br/>11. Solid-liquid separation --<br/>12. Desintegration, agglomeration, and size separation of particulate solids --<br/>13. Distillation and gas absorption --<br/>14. Extraction and leaching --<br/>15. Adsorption and ion exchange --<br/>16. Crystallization from solutions and melts --<br/>17. Chemical reactors --<br/>18. Process vessels --<br/>19. Membrane separations --<br/>20. Gas-solid separations --<br/>21. Costs of individual equipment |
| 520 3# - SUMARIO, ETC. |
| Sumario, etc. |
This book is intended as a guide to the selection or design of the principal kinds of chemical process equipment by engineers in school and industry. The level of treatment assumes an elementary knowledge of unit operations and transport phenomena. Access to the many design and reference books listed in Chapter I is desir able. For coherence, brief reviews of pertinent theory are provided. Emphasis is placed on shortcuts, rules of thumb, and data for design by analogy, often as primary design processes but also for quick evaluations of detailed work. All answers to process design questions cannot be put into a book. Even at this late date in the development of the chemical industry, it is common to hear authorities on most kinds of equip ment say that their equipment can be properly fitted to a particular task only on the basis of some direct laboratory and pilot plant work. Nevertheless, much guidance and reassurance are obtainable from general experience and specific examples of successful applications, which this book attempts to provide. Much of the information is supplied in numerous tables and figures, which often deserve careful study quite apart from the text. The general background of process design, flowsheets, and process control is reviewed in the introductory chapters. The major kinds of operations and equipment are treated in individual chap ters. Information about peripheral and less widely employed equipment in chemical plants is concentrated in Chapter 19 with references to key works of as much practical value as possible. Because decisions often must be based on economic grounds, Chapter 20, on costs of equipment, rounds out the book. Appendixes provide examples of equipment rating forms and manufacturers questionnaires. Chemical process equipment is of two kinds: custom designed and built, or proprietary "off the shelf." For example, the sizes and performance of custom equipment such as distillation towers, drums, and heat exchangers are derived by the process engineer on the basis of established principles and data, although some mechanical details remain in accordance with safe practice codes and individual fabrication practices. Much proprietary equipment (such as filters, mixers, conveyors, and so on) has been developed largely without benefit of much theory and is fitted to job requirements also without benefit of much theory. From the point of view of the process engineer, such equipment is predesigned and fabricated and made available by manufacturers in limited numbers of types, sizes, and capacities. The process design of proprietary equipment, as considered in this book, establishes its required performance and is a process of selec tion from the manufacturers' offerings, often with their recommendations or on the basis of individual experience. Complete information is provided in manufacturers' catalogs. Several classified lists of manufacturers of chemical process equipment are readily accessible, so no listings are given here. |
| 650 13 - PUNTO DE ACCESO ADICIONAL DE MATERIA--TÉRMINO DE MATERIA |
| Término de materia o nombre geográfico como elemento de entrada |
Ingeniería química |
| Fuente del encabezamiento o término |
atg |
| 9 (RLIN) |
58271 |
| Subdivisión general |
Equipamiento |
| 650 13 - PUNTO DE ACCESO ADICIONAL DE MATERIA--TÉRMINO DE MATERIA |
| Término de materia o nombre geográfico como elemento de entrada |
Procesamiento químico |
| Fuente del encabezamiento o término |
atg |
| 9 (RLIN) |
147050 |
| Subdivisión general |
Equipamiento |
| 650 13 - PUNTO DE ACCESO ADICIONAL DE MATERIA--TÉRMINO DE MATERIA |
| Término de materia o nombre geográfico como elemento de entrada |
Chemical engineering |
| Fuente del encabezamiento o término |
atg |
| 9 (RLIN) |
147048 |
| Subdivisión general |
Equipment |
| 650 13 - PUNTO DE ACCESO ADICIONAL DE MATERIA--TÉRMINO DE MATERIA |
| Término de materia o nombre geográfico como elemento de entrada |
Processing chemistry |
| Fuente del encabezamiento o término |
atg |
| 9 (RLIN) |
147051 |
| Subdivisión general |
Equipment |
| 700 1# - PUNTO DE ACCESO ADICIONAL--NOMBRE DE PERSONA |
| Nombre de persona |
Couper, James R. |
| 9 (RLIN) |
191305 |
| Término indicativo de función/relación |
autor |
| 700 1# - PUNTO DE ACCESO ADICIONAL--NOMBRE DE PERSONA |
| Nombre de persona |
Penney, W. Roy |
| 9 (RLIN) |
191306 |
| Término indicativo de función/relación |
autor |
| 700 1# - PUNTO DE ACCESO ADICIONAL--NOMBRE DE PERSONA |
| Nombre de persona |
Fair, James R. |
| 9 (RLIN) |
191307 |
| Término indicativo de función/relación |
autor |
| 700 1# - PUNTO DE ACCESO ADICIONAL--NOMBRE DE PERSONA |
| Nombre de persona |
Walas, Stanley M. |
| 9 (RLIN) |
120828 |
| Término indicativo de función/relación |
autor |
| 942 ## - ELEMENTOS DE PUNTO DE ACCESO ADICIONAL (KOHA) |
| Fuente del sistema de clasificación o colocación |
Dewey Decimal Classification |
| Tipo de ítem Koha |
Libro |